[Event "Pozarevac Rudar GM 04"]
[Site "Pozarevac"]
[Date "2025.04.10"]
[Round "5"]
[White "Sahithi Varshini, M."]
[Black "Yonal, Timur"]
[Result "1/2-1/2"]
[WhiteElo "2301"]
[BlackElo "2297"]
[PlyCount "60"]
[EventDate "2025.04.07"]
[EventType "tourn"]
[EventRounds "9"]
[EventCountry "SRB"]
[EventCategory "6"]
[SourceTitle "CB20_2025"]
[SourceDate "2025.05.14"]
[SourceVersion "1"]
[SourceVersionDate "2025.05.14"]
[SourceQuality "1"]

1. d4 d5 2. Nc3 Nf6 3. Bf4 a6 4. e3 b5 5. a3 e6 6. g4 Bb7 7. h4 c5 8. g5 Ne4 9. Nxe4 dxe4 10. dxc5 Qxd1+ 11. Rxd1 Bxc5 12. Ne2 Nd7 13. Bg2 Rc8 14. Kd2 a5 15. Kc1 b4 16. axb4 axb4 17. b3 f5 18. gxf6 gxf6 19. Ng3 f5 20. Nh5 Rg8 21. Bf1 Be7 22. Kb1 Nb6 23. Be5 Kf7 24. Nf4 Nd5 25. Be2 Bf6 26. Bh5+ Ke7 27. Nxd5+ Bxd5 28. Bxf6+ Kxf6 29. Rhg1 Rxg1 30. Rxg1 e5 1/2-1/2

[Event "Pozarevac Rudar GM 03"]
[Site "Pozarevac"]
[Date "2025.04.05"]
[Round "8"]
[White "Sahithi Varshini, M."]
[Black "Stankovic, Milos"]
[Result "1/2-1/2"]
[WhiteElo "2289"]
[BlackElo "2440"]
[PlyCount "20"]
[EventDate "2025.03.30"]
[EventType "tourn"]
[EventRounds "9"]
[EventCountry "SRB"]
[EventCategory "6"]
[SourceTitle "CB15_2025"]
[SourceDate "2025.04.09"]
[SourceVersion "1"]
[SourceVersionDate "2025.04.09"]
[SourceQuality "1"]

1. e4 e5 2. Nf3 Nc6 3. Bc4 Nf6 4. d3 Be7 5. 0-0 0-0 6. Re1 d6 7. a3 h6 8. h3 Re8 9. Nc3 Bf8 10. b4 a6 1/2-1/2

[Event "Wch Rapid (Women)"]
[Site "New York"]
[Date "2024.12.28"]
[Round "9"]
[White "Machlik, Monika"]
[Black "Sahithi Varshini, M."]
[Result "0-1"]
[WhiteElo "2079"]
[BlackElo "2329"]
[PlyCount "144"]
[EventDate "2024.12.26"]
[EventType "swiss (rapid)"]
[EventRounds "11"]
[EventCountry "USA"]
[SourceTitle "CB01_2025"]
[SourceDate "2025.01.01"]
[SourceVersion "1"]
[SourceVersionDate "2025.01.01"]
[SourceQuality "1"]

1. d4 Nf6 2. c4 e6 3. Nc3 Bb4 4. Qc2 d5 5. a3 Bxc3+ 6. Qxc3 dxc4 7. Qxc4 0-0 8. Nf3 b6 9. Bg5 Ba6 10. Qa4 h6 11. Bh4 Qd7 12. Qxd7 Nbxd7 13. e3 Bxf1 14. Rxf1 c5 15. Bxf6 gxf6 16. Ke2 Rac8 17. Rac1 c4 18. Nd2 b5 19. a4 a6 20. axb5 axb5 21. Ne4 f5 22. Nc3 Rc6 23. Nxb5 Rb8 24. Na3 Rxb2+ 25. Rc2 Rb4 26. Rfc1 Nb6 27. Nb1 Kf8 28. Nc3 Ke7 29. Ra1 Rc7 30. Ra6 Rb7 31. Kd2 h5 32. Ra5 Rd7 33. Ra6 e5 34. Ne2 f4 35. Ra5 fxe3+ 36. fxe3 f6 37. Ra6 Rb3 38. Rc3 Rb2+ 39. Rc2 Rb3 40. Rc3 Rb1 41. Kc2 Rb5 42. Kd2 Nd5 43. Rxc4 Rb2+ 44. Ke1 Nxe3 45. Rcc6 Nxg2+ 46. Kd1 Ne3+ 47. Ke1 Nc2+ 48. Kf1 Nxd4 49. Nxd4 Rxd4 50. Ra7+ Kd8 51. Rc1 Rxh2 52. Ra8+ Ke7 53. Ra7+ Ke6 54. Ra6+ Kf5 55. Kg1 Rhh4 56. Rcc6 Rdg4+ 57. Kf2 Rf4+ 58. Ke3 Rh3+ 59. Ke2 Kg5 60. Ra8 Rg3 61. Rg8+ Kh4 62. Rf8 f5 63. Rcf6 Rg5 64. Ke3 Kg4 65. Rh8 h4 66. Rfh6 Kg3 67. R6h7 Rgg4 68. Rh5 Rf3+ 69. Ke2 e4 70. Rf8 f4 71. Re8 Rf2+ 72. Ke1 Kf3 0-1

[Event "Wch Rapid (Women)"]
[Site "New York"]
[Date "2024.12.28"]
[Round "10"]
[White "Sahithi Varshini, M."]
[Black "Wu, Rochelle"]
[Result "1/2-1/2"]
[WhiteElo "2329"]
[BlackElo "2217"]
[PlyCount "84"]
[EventDate "2024.12.26"]
[EventType "swiss (rapid)"]
[EventRounds "11"]
[EventCountry "USA"]
[SourceTitle "CB01_2025"]
[SourceDate "2025.01.01"]
[SourceVersion "1"]
[SourceVersionDate "2025.01.01"]
[SourceQuality "1"]

1. e4 c5 2. Nf3 d6 3. Bb5+ Bd7 4. c4 Nc6 5. Nc3 g6 6. 0-0 Bg7 7. d3 Nf6 8. h3 0-0 9. Bg5 e6 10. Rb1 Qc7 11. Bxc6 Bxc6 12. Qc1 Rfe8 13. Bh6 Bh8 14. Qf4 Nd7 15. Qg3 Ne5 16. Ne1 f5 17. Bd2 fxe4 18. Nxe4 Bxe4 19. dxe4 Nxc4 20. Bc3 Bxc3 21. Qxc3 d5 22. Nf3 Qg7 23. Qc2 b6 24. Rfe1 Qf6 25. Qa4 Rf8 26. Qc6 d4 27. e5 Qf5 28. b3 Rac8 29. Qb7 Nd2 30. Nxd2 Qxf2+ 31. Kh1 Qxd2 32. Qxa7 Qa5 33. Qd7 Rce8 34. Rf1 Qxa2 35. Rxf8+ Rxf8 36. Qxe6+ Kg7 37. Rg1 Qe2 38. Qd6 Rf1 39. Qe7+ Rf7 40. Qd6 Rf1 41. Qe7+ Rf7 42. Qd6 Rf1 1/2-1/2

[Event "Wch Rapid (Women)"]
[Site "New York"]
[Date "2024.12.27"]
[Round "7"]
[White "Serikbay, Assel"]
[Black "Sahithi Varshini, M."]
[Result "1/2-1/2"]
[WhiteElo "2121"]
[BlackElo "2329"]
[PlyCount "128"]
[EventDate "2024.12.26"]
[EventType "swiss (rapid)"]
[EventRounds "11"]
[EventCountry "USA"]
[SourceTitle "CB01_2025"]
[SourceDate "2025.01.01"]
[SourceVersion "1"]
[SourceVersionDate "2025.01.01"]
[SourceQuality "1"]

1. d4 Nf6 2. c4 e6 3. Nf3 Bb4+ 4. Bd2 Qe7 5. Nc3 b6 6. e3 Bb7 7. Bd3 0-0 8. Qc2 c5 9. a3 Bxc3 10. Bxc3 cxd4 11. exd4 Bxf3 12. gxf3 d6 13. 0-0-0 Nbd7 14. f4 Rfc8 15. Kb1 d5 16. Qe2 Qd6 17. f5 dxc4 18. Bxc4 exf5 19. Bb4 Qf4 20. Ba6 Re8 21. Qb5 Rad8 22. Rhe1 Ne4 23. Re2 Nb8 24. Bb7 a5 25. Be1 g6 26. Qxb6 Rd6 27. Qb5 Rde6 28. Bxe4 fxe4 29. Bxa5 Rc8 30. d5 Qf5 31. Ka2 Rd6 32. Bc7 Rxc7 33. Qxb8+ Qc8 34. Qxc8+ Rxc8 35. Rxe4 Rc2 36. Rf4 f5 37. Kb1 Re2 38. h4 Kf7 39. f3 Rf2 40. b4 Kf6 41. Rd3 h6 42. a4 g5 43. hxg5+ Kxg5 44. Rc4 h5 45. Rc6 Rd8 46. d6 h4 47. Rc7 h3 48. f4+ Rxf4 49. Rxh3 Rxb4+ 50. Kc2 Rxd6 51. Rg7+ Kf6 52. Rgg3 Rxa4 53. Rh6+ Ke5 54. Rxd6 Kxd6 55. Kd2 Re4 56. Re3 Ke5 57. Kd3 Kf4 58. Rxe4+ fxe4+ 59. Ke2 e3 60. Ke1 Ke5 61. Ke2 Ke4 62. Ke1 Kd3 63. Kd1 e2+ 64. Ke1 Ke3 1/2-1/2

[Event "Wch Rapid (Women)"]
[Site "New York"]
[Date "2024.12.26"]
[Round "1"]
[White "Kurmangaliyeva, Liya"]
[Black "Sahithi Varshini, M."]
[Result "1-0"]
[WhiteElo "2128"]
[BlackElo "2329"]
[PlyCount "56"]
[EventDate "2024.12.26"]
[EventType "swiss (rapid)"]
[EventRounds "11"]
[EventCountry "USA"]
[SourceTitle "CB01_2025"]
[SourceDate "2025.01.01"]
[SourceVersion "1"]
[SourceVersionDate "2025.01.01"]
[SourceQuality "1"]

1. e4 c5 2. Nf3 Nc6 3. Bb5 e6 4. Bxc6 bxc6 5. d3 Ne7 6. e5 d6 7. exd6 Nf5 8. Nbd2 Bxd6 9. Ne4 Be7 10. 0-0 f6 11. b3 e5 12. a4 a5 13. Ba3 Qb6 14. Nfd2 0-0 15. Nc4 Qa7 16. Qd2 Nd4 17. Rae1 Be6 18. Qc3 Bd5 19. Ne3 Bxe4 20. dxe4 Rfd8 21. Qc4+ Kh8 22. c3 Rab8 23. cxd4 cxd4 24. Bxe7 Qxe7 25. Nf5 Qf8 26. Qd3 Rd7 27. Rb1 Rb4 28. Rfc1 c5 1-0

[Event "Pozarevac Rudar GM 08"]
[Site "Pozarevac"]
[Date "2024.08.08"]
[Round "2"]
[White "Sahithi Varshini, M."]
[Black "Bryakin, Mikhail"]
[Result "0-1"]
[WhiteElo "2287"]
[BlackElo "2446"]
[PlyCount "120"]
[EventDate "2024.08.07"]
[EventType "tourn"]
[EventRounds "9"]
[EventCountry "SRB"]
[EventCategory "6"]
[SourceTitle "EXT 2025"]
[Source "ChessBase"]
[SourceDate "2024.10.14"]
[SourceVersion "1"]
[SourceVersionDate "2024.10.14"]
[SourceQuality "1"]

1. e4 e5 2. Nf3 Nf6 3. Nc3 Nc6 4. d4 Bb4 5. Nxe5 Bxc3+ 6. bxc3 Qe7 7. Bd3 Nxe5 8. dxe5 Qxe5 9. 0-0 0-0 10. Rb1 c6 11. c4 d6 12. Bb2 Qe7 13. Re1 Nd7 14. Bf1 f6 15. Qd2 Ne5 16. f4 Nf7 17. a4 c5 18. Ba1 Rb8 19. a5 Bd7 20. e5 dxe5 21. fxe5 Nxe5 22. Bxe5 fxe5 23. Qd5+ Kh8 24. Bd3 Bc6 25. Qxe5 Qh4 26. Qg3 Qxg3 27. hxg3 Rbe8 28. Rxe8 Rxe8 29. Rf1 g6 30. a6 Kg7 31. axb7 Bxb7 32. Rb1 Re7 33. Rb5 Rc7 34. Ra5 a6 35. g4 Kf6 36. Kf2 Kg5 37. Kg3 h5 38. gxh5 gxh5 39. Be2 h4+ 40. Kh3 Bc8+ 41. Kh2 Kf4 42. Ra3 Rg7 43. Rf3+ Ke5 44. Re3+ Kd6 45. Bf3 Bf5 46. Be4 Be6 47. Ra3 Bxc4 48. Bd3 Rg3 49. Ra5 Bxd3 50. cxd3 Rxd3 51. Rxa6+ Kd5 52. Rh6 Rd4 53. Kh3 c4 54. Rh5+ Kd6 55. g3 c3 56. Rh8 Rc4 57. Rd8+ Kc5 58. Rd1 c2 59. Rc1 hxg3 60. Kxg3 Kb4 0-1

[Event "Pozarevac Rudar GM-B 07"]
[Site "Pozarevac"]
[Date "2024.08.02"]
[Round "4"]
[White "Sahithi Varshini, M."]
[Black "Sukovic, Andrej"]
[Result "1/2-1/2"]
[WhiteElo "2282"]
[BlackElo "2350"]
[PlyCount "111"]
[EventDate "2024.07.30"]
[EventType "tourn"]
[EventRounds "9"]
[EventCountry "SRB"]
[EventCategory "7"]
[SourceTitle "EXT 2025"]
[Source "ChessBase"]
[SourceDate "2024.10.14"]
[SourceVersion "1"]
[SourceVersionDate "2024.10.14"]
[SourceQuality "1"]

1. d4 Nf6 2. c4 e6 3. g3 Bb4+ 4. Bd2 a5 5. Bg2 d6 6. Nf3 Nbd7 7. 0-0 e5 8. e3 c6 9. a3 Bxd2 10. Nfxd2 exd4 11. exd4 0-0 12. Nc3 Nb6 13. Qc2 Be6 14. Ne2 Qd7 15. Nf4 Bf5 16. Qb3 Qc7 17. a4 Nbd7 18. h3 h6 19. Rfe1 Nb8 20. Ne4 Nbd7 21. Nxf6+ Nxf6 22. Re3 Rfe8 23. Rae1 Kf8 24. Rxe8+ Rxe8 25. Rxe8+ Kxe8 26. d5 c5 27. g4 Bh7 28. Qb5+ Kf8 29. Bf3 Bc2 30. Ng2 Nd7 31. Ne3 Bd3 32. Bd1 Ne5 33. Kg2 Be4+ 34. Kg3 Ng6 35. f3 Bb1 36. Ng2 Ne5 37. Qb3 Qe7 38. Bc2 Bxc2 39. Qxc2 Nd7 40. f4 Nf6 41. Kf3 g6 42. Qe2 Qd7 43. b3 h5 44. Kg3 hxg4 45. hxg4 Qd8 46. Ne1 Qb6 47. Qd3 Qb4 48. Nc2 Qd2 49. Qxd2 Ne4+ 50. Kg2 Nxd2 51. Na1 Ke7 52. Kf2 g5 53. Ke3 Nf1+ 54. Kf2 Nd2 55. Ke3 Nf1+ 56. Kf2 1/2-1/2

[Event "Pozarevac Rudar GM-B 07"]
[Site "Pozarevac"]
[Date "2024.08.01"]
[Round "3"]
[White "Stojanovic, Mihajlo"]
[Black "Sahithi Varshini, M."]
[Result "1-0"]
[WhiteElo "2481"]
[BlackElo "2282"]
[PlyCount "89"]
[EventDate "2024.07.30"]
[EventType "tourn"]
[EventRounds "9"]
[EventCountry "SRB"]
[EventCategory "7"]
[SourceTitle "EXT 2025"]
[Source "ChessBase"]
[SourceDate "2024.10.14"]
[SourceVersion "1"]
[SourceVersionDate "2024.10.14"]
[SourceQuality "1"]

1. d4 Nf6 2. c4 e6 3. Nc3 Bb4 4. e3 0-0 5. Bd3 d5 6. Nf3 b6 7. 0-0 dxc4 8. Bxc4 Bb7 9. Qe2 Nbd7 10. Rd1 a5 11. Bd2 Qe7 12. a3 Bxc3 13. Bxc3 Ne4 14. Be1 Nd6 15. Ba2 c5 16. dxc5 Nxc5 17. b4 Nce4 18. Rac1 Qf6 19. Nd4 e5 20. Nc6 axb4 21. axb4 Rfc8 22. Bd5 b5 23. Qf3 Kf8 24. Bxe4 Nxe4 25. Qxe4 Rxc6 26. Qxh7 Ke7 27. Rxc6 Bxc6 28. Qc2 Rd8 29. Qc5+ Ke8 30. Rxd8+ Kxd8 31. f3 e4 32. f4 Kd7 33. Bc3 Qd6 34. Qa7+ Ke8 35. h3 Kf8 36. Be5 Qd1+ 37. Kh2 Kg8 38. Qb8+ Kh7 39. Qf8 f6 40. Bxf6 Qd7 41. Be5 Bd5 42. f5 Bc4 43. Kg3 Qa7 44. Kf4 Bf1 45. g4 1-0

[Event "Teplice op 17th"]
[Site "Teplice"]
[Date "2024.06.19"]
[Round "5"]
[White "Sahithi Varshini, M."]
[Black "Sorensen, Hampus"]
[Result "0-1"]
[WhiteElo "2250"]
[BlackElo "2404"]
[PlyCount "132"]
[EventDate "2024.06.15"]
[EventType "swiss"]
[EventRounds "9"]
[EventCountry "CZE"]
[SourceTitle "CBM 220 Extra"]
[Source "ChessBase"]
[SourceDate "2024.07.31"]
[SourceVersion "1"]
[SourceVersionDate "2024.07.31"]
[SourceQuality "1"]

1. d4 Nf6 2. Nf3 d5 3. Bf4 c5 4. e3 Nc6 5. Nbd2 e6 6. c3 cxd4 7. exd4 Nh5 8. Be3 Bd6 9. g3 Nf6 10. h3 0-0 11. Bg2 b5 12. 0-0 Bd7 13. Re1 Qc7 14. Qe2 h6 15. Rac1 Rfc8 16. Nh2 Na5 17. Ng4 Qd8 18. Ne5 Rab8 19. b4 Nc4 20. Ndxc4 bxc4 21. g4 Nh7 22. Qc2 Be8 23. f4 Nf8 24. f5 Rb7 25. Rcd1 Re7 26. fxe6 fxe6 27. Rf1 Bxe5 28. dxe5 Ng6 29. Be4 Nf8 30. Bc5 Rxc5 31. bxc5 Qc7 32. Bg2 Qxc5+ 33. Kh1 Nd7 34. Rde1 Qc7 35. Qd2 Nc5 36. Qe3 Bg6 37. Qd4 Nd3 38. Re3 Rf7 39. Kg1 Rxf1+ 40. Bxf1 Nc5 41. h4 Qb6 42. Rf3 Qc7 43. Qf4 Qe7 44. h5 Be4 45. Rf2 Nd3 46. Bxd3 cxd3 47. Kf1 Kh7 48. Qf8 Qh4 49. Ke1 Qxg4 50. Kd2 Qxh5 51. Qf4 Qe8 52. Rh2 Kg8 53. Rf2 Qa4 54. Qf8+ Kh7 55. Ke3 Qd1 56. Qf4 Qc1+ 57. Rd2 Qxc3 58. Kf2 Qd4+ 59. Ke1 Qg1+ 60. Qf1 Qg3+ 61. Qf2 Qxe5 62. Qh2 Qa1+ 63. Rd1 Qc3+ 64. Rd2 Qc1+ 65. Rd1 Qe3+ 66. Kf1 Bf3 0-1

[Event "Budapest Spring op"]
[Site "Budapest"]
[Date "2024.05.23"]
[Round "1"]
[White "Sahithi Varshini, M."]
[Black "Szpar, Milosz"]
[Result "0-1"]
[WhiteElo "2251"]
[BlackElo "2512"]
[PlyCount "60"]
[EventDate "2024.05.20"]
[EventType "swiss"]
[EventRounds "9"]
[EventCountry "HUN"]
[SourceTitle "CBM 220 Extra"]
[Source "ChessBase"]
[SourceDate "2024.07.31"]
[SourceVersion "1"]
[SourceVersionDate "2024.07.31"]
[SourceQuality "1"]

1. e4 e6 2. d4 d5 3. e5 c5 4. c3 Nc6 5. Nf3 Bd7 6. Be2 Nge7 7. Na3 cxd4 8. cxd4 Nf5 9. Nc2 Qb6 10. 0-0 Rc8 11. Kh1 Na5 12. Re1 Be7 13. Bd3 h6 14. Qe2 a6 15. b4 Nc4 16. a4 Qd8 17. g4 Nh4 18. Ng1 Nb6 19. a5 Na4 20. f4 Nc3 21. Qf1 Bb5 22. Re3 h5 23. gxh5 Rxh5 24. Bxb5+ Nxb5 25. Qd1 g6 26. Bb2 Nf5 27. Rf3 Rc4 28. Qd2 Kd7 29. Rc1 Qh8 30. Rf2 Ng3+ 0-1

[Event "Karlsruhe Grenke op"]
[Site "Karlsruhe"]
[Date "2024.03.30"]
[Round "5"]
[White "Sahithi Varshini, M."]
[Black "Monroy, Charles"]
[Result "0-1"]
[WhiteElo "2213"]
[BlackElo "2393"]
[PlyCount "74"]
[EventDate "2024.03.28"]
[EventType "swiss"]
[EventRounds "9"]
[EventCountry "GER"]
[SourceTitle "EXT 2025"]
[Source "ChessBase"]
[SourceDate "2024.10.14"]
[SourceVersion "1"]
[SourceVersionDate "2024.10.14"]
[SourceQuality "1"]

1. e4 e5 2. Nf3 Nc6 3. Bb5 a6 4. Ba4 Nf6 5. 0-0 Be7 6. d3 d6 7. c4 0-0 8. h3 Nd4 9. Nxd4 exd4 10. Nd2 c6 11. Nf3 b5 12. cxb5 axb5 13. Bb3 c5 14. Bg5 Nd7 15. Bd2 Bb7 16. Ne1 Kh8 17. f4 f5 18. exf5 Rxf5 19. g4 Rf8 20. Be6 Qc7 21. Rc1 Rae8 22. Nf3 Qc6 23. g5 Bd8 24. Bg4 Nb6 25. Rf2 Qd5 26. f5 Qf7 27. Qf1 Nd5 28. Re1 Ne3 29. Bxe3 dxe3 30. Rfe2 Bxf3 31. Qxf3 Bxg5 32. b3 Qf6 33. Rf1 Qd4 34. Qg2 Re5 35. Rd1 c4 36. bxc4 bxc4 37. Bh5 Rexf5 0-1